It's essential to get on the right track (Record no. 121177)

MARC details
000 -LEADER
fixed length control field 00699nas a22001937a 4500
001 - CONTROL NUMBER
control field K121177
007 - PHYSICAL DESCRIPTION FIXED FIELD--GENERAL INFORMATION
fixed length control field ta
008 - FIXED-LENGTH DATA ELEMENTS--GENERAL INFORMATION
fixed length control field 191213b2019 ||||| |||| 00| 0 eng d
041 ## - LANGUAGE CODE
Language code of text/sound track or separate title eng
100 ## - MAIN ENTRY--PERSONAL NAME
Personal author Charlwood, Ralph
245 ## - TITLE STATEMENT
Title It's essential to get on the right track
260 ## - PUBLICATION INFORMATION
Date 2019
490 ## - SERIES TITLE
Series statement Estates Gazette
Volume (1949) 7 December 2019, 46-47(2)
520 ## - ABSTRACT
Abstract Helps APC candidates make the choice over which pathway is the correct one to choose. Urges candidates to ensure that there work experience will allow them fulfil the mandatory competencies required in their chosen pathway.
650 ## - KEYWORDS
Keywords Pathways
650 ## - KEYWORDS
Keywords Competencies
651 ## - SUBJECT ADDED ENTRY--GEOGRAPHIC NAME
Geographic name United Kingdom 1973
690 ## - LOCAL SUBJECT ADDED ENTRY--TOPICAL TERM (OCLC, RLIN)
9 (RLIN) 6216
Topical term or geographic name as entry element APC
Holdings
Withdrawn status Lost status Damaged status Not for loan Home library Current library Shelving location Date acquired Total Checkouts Date last seen Price effective from Koha item type
        London London Journals 13/12/2019   13/12/2019 13/12/2019 Journal article